[Event "European Individual Chess Championship 2017"]
[Site "?"]
[Date "2017.06.07"]
[Round "8.46"]
[White "Oparin, Grigoriy"]
[Black "Kobo, Ori"]
[Result "1/2-1/2"]
[BlackElo "2476"]
[WhiteElo "2604"]
[LiveChessVersion "1.4.8"]

1. e4 {[%clk 1:30:57]} e6 {[%clk 1:30:45]} 2. d4 {[%clk 1:31:22]} d5
{[%clk 1:31:08]} 3. Nc3 {[%clk 1:31:48]} Bb4 {[%clk 1:31:26]} 4. e5
{[%clk 1:32:08]} c5 {[%clk 1:31:43]} 5. a3 {[%clk 1:32:34]} Bxc3+
{[%clk 1:32:05]} 6. bxc3 {[%clk 1:32:59]} Qa5 {[%clk 1:32:21]} 7. Bd2
{[%clk 1:33:18]} Qa4 {[%clk 1:32:38]} 8. Qb1 {[%clk 1:33:36]} c4 {[%clk 1:32:43]}
9. h4 {[%clk 1:33:59]} Nc6 {[%clk 1:31:29]} 10. h5 {[%clk 1:34:16]} h6
{[%clk 1:31:35]} 11. g3 {[%clk 1:34:33]} Bd7 {[%clk 1:30:06]} 12. Bh3
{[%clk 1:34:47]} O-O-O {[%clk 1:29:18]} 13. Nf3 {[%clk 1:28:03]} Nge7
{[%clk 1:28:30]} 14. O-O {[%clk 1:26:54]} Rdf8 {[%clk 1:26:40]} 15. Re1
{[%clk 1:19:40]} Kb8 {[%clk 1:22:34]} 16. Re2 {[%clk 1:12:09]} Ka8
{[%clk 1:17:27]} 17. Kg2 {[%clk 1:11:17]} Bc8 {[%clk 1:08:58]} 18. Qd1
{[%clk 1:04:38]} Rh7 {[%clk 1:01:17]} 19. Bc1 {[%clk 1:01:04]} b6
{[%clk 0:59:18]} 20. Qe1 {[%clk 1:00:14]} Rg8 {[%clk 0:56:14]} 21. Nh2
{[%clk 0:57:50]} Rhh8 {[%clk 0:53:18]} 22. Ng4 {[%clk 0:55:59]} Rf8
{[%clk 0:52:26]} 23. Kh2 {[%clk 0:54:49]} Kb7 {[%clk 0:42:35]} 24. Ne3
{[%clk 0:49:11]} Ka8 {[%clk 0:40:54]} 25. Ng2 {[%clk 0:47:30]} Kb7
{[%clk 0:36:42]} 26. f3 {[%clk 0:42:58]} Ka8 {[%clk 0:35:25]} 27. Be3
{[%clk 0:42:39]} Kb7 {[%clk 0:25:59]} 28. Bf2 {[%clk 0:42:41]} Rhg8
{[%clk 0:25:16]} 29. Qd2 {[%clk 0:40:36]} Rh8 {[%clk 0:23:50]} 30. g4
{[%clk 0:37:48]} Rh7 {[%clk 0:19:38]} 31. Bg3 {[%clk 0:37:15]} Bd7
{[%clk 0:18:37]} 32. f4 {[%clk 0:34:53]} f5 {[%clk 0:10:56]} 33. Ne3
{[%clk 0:23:56]} fxg4 {[%clk 0:11:18]} 34. Bxg4 {[%clk 0:24:21]} g6
{[%clk 0:08:45]} 35. Rf2 {[%clk 0:24:37]} gxh5 {[%clk 0:07:41]} 36. Bxh5
{[%clk 0:21:41]} Be8 {[%clk 0:02:48]} 37. Bxe8 {[%clk 0:21:29]} Rxe8
{[%clk 0:03:17]} 38. Bh4 {[%clk 0:20:34]} Rf7 {[%clk 0:02:19]} 39. f5
{[%clk 0:14:47]} Nxf5 {[%clk 0:01:20]} 40. Nxf5 {[%clk 0:45:11]} Rxf5
{[%clk 0:31:34]} 41. Rxf5 {[%clk 0:40:37]} exf5 {[%clk 0:31:44]} 42. Rf1
{[%clk 0:37:42]} Qxa3 {[%clk 0:29:30]} 43. Rxf5 {[%clk 0:37:48]} Rf8
{[%clk 0:23:07]} 44. Qf2 {[%clk 0:27:29]} Rxf5 {[%clk 0:08:47]} 45. Qxf5
{[%clk 0:27:54]} Qxc3 {[%clk 0:08:42]} 46. Qd7+ {[%clk 0:26:35]} 1/2-1/2

[Event "European Individual Chess Championship 2017"]
[Site "?"]
[Date "2017.06.07"]
[Round "8.48"]
[White "Shevchenko, Kirill"]
[Black "Bok, Benjamin"]
[Result "1/2-1/2"]
[BlackElo "2598"]
[WhiteElo "2491"]
[LiveChessVersion "1.4.8"]

1. d4 {[%clk 1:30:59]} Nf6 {[%clk 1:28:41]} 2. c4 {[%clk 1:31:24]} e6
{[%clk 1:29:00]} 3. g3 {[%clk 1:31:44]} Bb4+ {[%clk 1:26:29]} 4. Bd2
{[%clk 1:32:01]} Be7 {[%clk 1:26:48]} 5. Bg2 {[%clk 1:32:25]} d5 {[%clk 1:26:39]}
6. Nf3 {[%clk 1:31:54]} O-O {[%clk 1:26:19]} 7. O-O {[%clk 1:32:20]} Nbd7
{[%clk 1:26:37]} 8. Qc2 {[%clk 1:31:18]} c6 {[%clk 1:26:44]} 9. Rd1
{[%clk 1:30:47]} b6 {[%clk 1:21:39]} 10. Bf4 {[%clk 1:30:47]} Ba6
{[%clk 1:21:51]} 11. Ne5 {[%clk 1:27:28]} Rc8 {[%clk 1:21:50]} 12. cxd5
{[%clk 1:27:43]} Nxd5 {[%clk 1:22:08]} 13. Nc3 {[%clk 1:18:09]} Nxe5
{[%clk 1:21:49]} 14. Bxe5 {[%clk 1:18:03]} f6 {[%clk 1:21:37]} 15. Bf4
{[%clk 1:18:05]} Nxf4 {[%clk 1:21:59]} 16. gxf4 {[%clk 1:18:30]} f5
{[%clk 1:22:22]} 17. e3 {[%clk 1:14:57]} Bb7 {[%clk 1:21:47]} 18. Ne2
{[%clk 0:59:26]} Rf6 {[%clk 1:05:09]} 19. Ng3 {[%clk 0:49:18]} Bd6
{[%clk 0:53:50]} 20. Rac1 {[%clk 0:41:11]} Kh8 {[%clk 0:35:47]} 21. Bf3
{[%clk 0:30:50]} Rh6 {[%clk 0:22:57]} 22. Qa4 {[%clk 0:26:22]} a6
{[%clk 0:22:30]} 23. Bxc6 {[%clk 0:23:12]} b5 {[%clk 0:22:38]} 24. Bxb7
{[%clk 0:23:37]} Rxc1 {[%clk 0:23:03]} 25. Rxc1 {[%clk 0:23:59]} bxa4
{[%clk 0:23:29]} 26. Rc8 {[%clk 0:24:26]} Qxc8 {[%clk 0:21:32]} 27. Bxc8
{[%clk 0:24:52]} a5 {[%clk 0:11:50]} 28. a3 {[%clk 0:23:55]} Rf6 {[%clk 0:11:53]}
29. Bd7 {[%clk 0:20:48]} Rf8 {[%clk 0:10:08]} 30. Bxa4 {[%clk 0:20:28]} Rb8
{[%clk 0:10:20]} 31. b4 {[%clk 0:20:50]} axb4 {[%clk 0:10:37]} 32. axb4
{[%clk 0:21:18]} Bxb4 {[%clk 0:10:32]} 33. Bb3 {[%clk 0:17:30]} Rb6
{[%clk 0:09:30]} 34. Kg2 {[%clk 0:14:38]} g6 {[%clk 0:08:26]} 35. Bc4
{[%clk 0:14:57]} Kg7 {[%clk 0:06:26]} 36. d5 {[%clk 0:14:44]} exd5
{[%clk 0:05:29]} 37. Bxd5 {[%clk 0:15:01]} Be1 {[%clk 0:02:56]} 38. Ne2
{[%clk 0:15:10]} Rb2 {[%clk 0:03:08]} 39. Bc4 {[%clk 0:12:38]} Kf6
{[%clk 0:02:47]} 40. h3 {[%clk 0:42:51]} h6 {[%clk 0:31:38]} 41. Kf3
{[%clk 0:41:33]} g5 {[%clk 0:25:42]} 42. fxg5+ {[%clk 0:40:44]} hxg5
{[%clk 0:25:44]} 43. Bd3 {[%clk 0:35:46]} Ke5 {[%clk 0:24:43]} 44. Bc4
{[%clk 0:22:28]} Rc2 {[%clk 0:08:41]} 45. Be6 {[%clk 0:17:31]} Rd2
{[%clk 0:05:45]} 46. Bc4 {[%clk 0:17:28]} Rb2 {[%clk 0:05:06]} 47. Ba6
{[%clk 0:12:36]} f4 {[%clk 0:03:35]} 48. Bc4 {[%clk 0:12:37]} Rc2
{[%clk 0:01:43]} 49. exf4+ {[%clk 0:12:23]} gxf4 {[%clk 0:02:07]} 50. Bf7
{[%clk 0:12:47]} Rd2 {[%clk 0:00:51]} 51. Bh5 {[%clk 0:13:10]} Rd3+
{[%clk 0:00:35]} 52. Kg2 {[%clk 0:13:29]} Ba5 {[%clk 0:00:49]} 53. Ng1
{[%clk 0:13:27]} Bb6 {[%clk 0:00:39]} 54. Ne2 {[%clk 0:13:23]} Ra3
{[%clk 0:00:35]} 55. Ng1 {[%clk 0:13:32]} Ra2 {[%clk 0:00:38]} 56. Ne2
{[%clk 0:13:47]} Kf5 {[%clk 0:00:36]} 57. Kf3 {[%clk 0:13:12]} Kg5
{[%clk 0:00:38]} 58. Bg4 {[%clk 0:13:32]} Rb2 {[%clk 0:00:34]} 59. Kg2
{[%clk 0:13:40]} Kf6 {[%clk 0:00:32]} 60. Bf3 {[%clk 0:13:16]} Kf5
{[%clk 0:00:41]} 61. Bh5 {[%clk 0:13:15]} Ra2 {[%clk 0:00:35]} 62. Bf3
{[%clk 0:13:27]} Ke5 {[%clk 0:00:39]} 63. Bh5 {[%clk 0:13:45]} Ra3
{[%clk 0:00:34]} 64. Bf3 {[%clk 0:14:06]} Bd8 {[%clk 0:00:57]} 65. Bh5
{[%clk 0:13:56]} Be7 {[%clk 0:01:17]} 66. Bf3 {[%clk 0:14:06]} Bh4
{[%clk 0:01:01]} 67. Bh5 {[%clk 0:14:10]} Rb3 {[%clk 0:00:33]} 68. Bf3
{[%clk 0:14:18]} Rd3 {[%clk 0:00:32]} 69. Bh5 {[%clk 0:14:40]} Ra3
{[%clk 0:00:58]} 70. Bf3 {[%clk 0:15:02]} Bg5 {[%clk 0:00:41]} 71. Bh5
{[%clk 0:12:58]} Ke4 {[%clk 0:00:33]} 72. Bg6+ {[%clk 0:12:59]} Kd5
{[%clk 0:00:43]} 73. Ng1 {[%clk 0:12:11]} Bd8 {[%clk 0:00:38]} 74. Bh5
{[%clk 0:11:54]} Ke4 {[%clk 0:00:39]} 75. Bg6+ {[%clk 0:12:09]} Ke5
{[%clk 0:00:36]} 76. Bh5 {[%clk 0:12:32]} Kf5 {[%clk 0:00:32]} 77. Bf3
{[%clk 0:12:22]} Ra7 {[%clk 0:00:36]} 78. Bg4+ {[%clk 0:11:15]} Ke5
{[%clk 0:00:43]} 79. Ne2 {[%clk 0:11:19]} Bb6 {[%clk 0:00:33]} 1/2-1/2

[Event "European Individual Chess Championship 2017"]
[Site "?"]
[Date "2017.06.07"]
[Round "8.49"]
[White "Pantsulaia, Levan"]
[Black "Pacher, Milan"]
[Result "1/2-1/2"]
[BlackElo "2450"]
[WhiteElo "2594"]
[LiveChessVersion "1.4.8"]

1. c4 {[%clk 1:30:50]} g6 2. Nc3 {[%clk 1:29:52]} Bg7 {[%clk 1:31:00]} 3. g3
{[%clk 1:30:15]} c5 {[%clk 1:30:44]} 4. Bg2 {[%clk 1:30:34]} Nc6 {[%clk 1:31:08]}
5. Nf3 {[%clk 1:30:49]} e5 {[%clk 1:31:18]} 6. O-O {[%clk 1:29:39]} Nge7
{[%clk 1:31:43]} 7. d3 {[%clk 1:29:57]} d6 {[%clk 1:31:56]} 8. a3
{[%clk 1:30:12]} a5 {[%clk 1:32:17]} 9. Rb1 {[%clk 1:30:09]} O-O {[%clk 1:32:22]}
10. Bd2 {[%clk 1:30:28]} h6 {[%clk 1:31:25]} 11. Ne1 {[%clk 1:30:46]} Be6
{[%clk 1:30:25]} 12. Nc2 {[%clk 1:31:10]} d5 {[%clk 1:29:48]} 13. cxd5
{[%clk 1:31:17]} Nxd5 {[%clk 1:30:15]} 14. Ne3 {[%clk 1:31:21]} Nde7
{[%clk 1:30:08]} 15. Na4 {[%clk 1:31:42]} b6 {[%clk 1:28:49]} 16. b4
{[%clk 1:32:04]} cxb4 {[%clk 1:26:15]} 17. axb4 {[%clk 1:32:14]} Ra7
{[%clk 1:25:12]} 18. bxa5 {[%clk 1:32:07]} bxa5 {[%clk 1:25:37]} 19. Nc5
{[%clk 1:32:24]} Qd6 {[%clk 1:22:38]} 20. Nxe6 {[%clk 1:31:54]} Qxe6
{[%clk 1:23:06]} 21. Qa4 {[%clk 1:23:52]} Nd4 {[%clk 1:20:53]} 22. Rfe1
{[%clk 1:24:17]} f5 {[%clk 1:17:26]} 23. Qc4 {[%clk 1:15:53]} Qxc4
{[%clk 1:16:09]} 24. Nxc4 {[%clk 1:16:12]} a4 {[%clk 1:16:09]} 25. Bb4
{[%clk 0:54:04]} Rc8 {[%clk 1:06:53]} 26. Na3 {[%clk 0:34:58]} Bf8
{[%clk 1:00:29]} 27. Rb2 {[%clk 0:34:19]} Rac7 {[%clk 0:41:33]} 28. e3 Nb3
{[%clk 0:40:14]} 29. Nc4 {[%clk 0:26:47]} e4 {[%clk 0:30:58]} 30. Nb6
{[%clk 0:27:11]} exd3 {[%clk 0:26:18]} 31. Nxc8 {[%clk 0:24:52]} Rxc8
{[%clk 0:26:46]} 32. Bxe7 {[%clk 0:23:10]} Bxe7 {[%clk 0:26:21]} 33. Bd5+
{[%clk 0:23:30]} Kf8 {[%clk 0:25:31]} 34. Bxb3 {[%clk 0:23:38]} Rb8
{[%clk 0:25:56]} 35. Rd1 {[%clk 0:16:22]} Bf6 {[%clk 0:26:07]} 36. Rbb1
{[%clk 0:16:47]} axb3 {[%clk 0:26:22]} 37. Rxd3 {[%clk 0:17:12]} b2
{[%clk 0:26:45]} 38. Kf1 {[%clk 0:13:11]} Rc8 {[%clk 0:22:35]} 39. Ke2
{[%clk 0:13:36]} Rc1 {[%clk 0:22:33]} 40. Rd1 {[%clk 0:44:01]} Rc2+
{[%clk 0:52:48]} 41. Rd2 {[%clk 0:42:49]} Rc1 {[%clk 0:53:13]} 42. Rdxb2
{[%clk 0:43:15]} Bxb2 {[%clk 0:53:36]} 43. Rxb2 {[%clk 0:43:43]} Kg7
{[%clk 0:51:33]} 44. Rb4 {[%clk 0:38:56]} Rc2+ {[%clk 0:47:49]} 45. Kf3
{[%clk 0:39:25]} h5 {[%clk 0:48:00]} 46. h3 {[%clk 0:37:39]} Kf6 {[%clk 0:46:55]}
47. g4 {[%clk 0:37:54]} hxg4+ {[%clk 0:46:35]} 48. hxg4 {[%clk 0:38:20]} Kg5
{[%clk 0:43:47]} 49. Kg3 {[%clk 0:37:32]} Rc1 {[%clk 0:43:12]} 50. f4+
{[%clk 0:35:26]} Kf6 {[%clk 0:43:20]} 51. Rb6+ {[%clk 0:35:46]} Kf7
{[%clk 0:43:25]} 52. Rb7+ {[%clk 0:36:09]} Ke6 {[%clk 0:41:16]} 53. g5
{[%clk 0:35:56]} Rc6 {[%clk 0:41:09]} 54. Kf3 {[%clk 0:34:57]} Ra6
{[%clk 0:36:41]} 55. Rg7 {[%clk 0:33:20]} Kd5 {[%clk 0:37:07]} 56. Re7
{[%clk 0:33:44]} Rb6 {[%clk 0:36:09]} 57. e4+ {[%clk 0:28:56]} fxe4+
{[%clk 0:36:28]} 58. Rxe4 {[%clk 0:29:22]} Kd6 {[%clk 0:33:45]} 59. Kg4
{[%clk 0:26:38]} Rb1 {[%clk 0:30:19]} 60. Re8 {[%clk 0:25:48]} Kd7
{[%clk 0:30:25]} 61. Re3 {[%clk 0:21:38]} Rg1+ {[%clk 0:26:58]} 62. Rg3
{[%clk 0:20:21]} Rf1 {[%clk 0:26:44]} 63. Rf3 {[%clk 0:20:24]} Rg1+
{[%clk 0:26:50]} 64. Rg3 {[%clk 0:20:50]} Rf1 {[%clk 0:27:15]} 65. Re3
{[%clk 0:21:17]} Rg1+ {[%clk 0:27:36]} 66. Kf3 {[%clk 0:21:41]} Rf1+
{[%clk 0:27:41]} 67. Kg3 {[%clk 0:22:07]} Rg1+ {[%clk 0:27:51]} 68. Kf2
{[%clk 0:22:25]} Ra1 {[%clk 0:27:41]} 69. Kg2 {[%clk 0:21:55]} Rb1
{[%clk 0:27:51]} 70. Re5 {[%clk 0:22:03]} Rb2+ {[%clk 0:26:37]} 71. Kf3
{[%clk 0:22:25]} Rb3+ {[%clk 0:26:56]} 72. Kg4 {[%clk 0:22:17]} Rb4
{[%clk 0:27:07]} 73. Re1 {[%clk 0:21:52]} Rb3 {[%clk 0:26:22]} 74. f5
{[%clk 0:20:37]} Rb4+ {[%clk 0:26:38]} 75. Kf3 {[%clk 0:21:01]} gxf5
{[%clk 0:26:55]} 76. Re5 {[%clk 0:21:30]} Kd6 {[%clk 0:26:27]} 77. Rxf5
{[%clk 0:21:47]} Ke6 {[%clk 0:26:50]} 78. Rf6+ {[%clk 0:21:58]} Ke7
{[%clk 0:26:08]} 79. Kg3 {[%clk 0:22:23]} Rb8 {[%clk 0:25:09]} 80. Kg4
{[%clk 0:22:19]} Rf8 {[%clk 0:25:34]} 81. Rxf8 {[%clk 0:21:48]} Kxf8
{[%clk 0:26:03]} 82. Kf5 {[%clk 0:22:11]} Kf7 {[%clk 0:26:26]} 83. g6+
{[%clk 0:22:38]} Kg7 {[%clk 0:26:52]} 84. Kg5 {[%clk 0:23:05]} Kg8
{[%clk 0:27:17]} 85. Kh6 {[%clk 0:23:32]} Kh8 {[%clk 0:27:42]} 86. g7+
{[%clk 0:23:57]} Kg8 {[%clk 0:28:10]} 87. Kg6 {[%clk 0:24:23]} 1/2-1/2

[Event "European Individual Chess Championship 2017"]
[Site "?"]
[Date "2017.06.07"]
[Round "8.50"]
[White "Kantans, Toms"]
[Black "Can, Emre"]
[Result "1/2-1/2"]
[BlackElo "2589"]
[WhiteElo "2473"]
[LiveChessVersion "1.4.8"]

1. e4 {[%clk 1:30:57]} c5 {[%clk 1:30:42]} 2. Nf3 {[%clk 1:31:20]} d6
{[%clk 1:31:02]} 3. d4 {[%clk 1:31:44]} cxd4 {[%clk 1:30:59]} 4. Nxd4
{[%clk 1:32:08]} Nf6 {[%clk 1:31:08]} 5. Nc3 {[%clk 1:32:33]} a6 {[%clk 1:31:19]}
6. Bg5 {[%clk 1:32:41]} e6 {[%clk 1:31:28]} 7. f4 {[%clk 1:32:52]} h6
{[%clk 1:31:39]} 8. Bh4 {[%clk 1:32:31]} Qb6 {[%clk 1:31:32]} 9. Qd2
{[%clk 1:24:31]} Qxb2 {[%clk 1:31:21]} 10. Rb1 {[%clk 1:24:56]} Qa3
{[%clk 1:31:37]} 11. e5 {[%clk 1:25:17]} dxe5 {[%clk 1:31:22]} 12. fxe5
{[%clk 1:25:40]} g5 {[%clk 1:31:25]} 13. Bg3 {[%clk 1:12:35]} Nh5
{[%clk 1:29:23]} 14. Ne4 {[%clk 1:05:22]} Nd7 {[%clk 1:18:36]} 15. Rb3
{[%clk 1:03:53]} Qa4 {[%clk 1:15:18]} 16. Qc3 {[%clk 1:03:52]} b6
{[%clk 1:08:07]} 17. Nd6+ {[%clk 0:46:47]} Bxd6 {[%clk 1:07:57]} 18. exd6
{[%clk 0:47:12]} Nxg3 {[%clk 0:57:53]} 19. hxg3 {[%clk 0:45:16]} Qa5
{[%clk 0:55:08]} 20. Qxa5 {[%clk 0:42:58]} bxa5 {[%clk 0:55:18]} 21. Ra3
{[%clk 0:41:58]} Rb8 {[%clk 0:53:13]} 22. Rxa5 {[%clk 0:41:57]} Rb6
{[%clk 0:52:26]} 23. Rxg5 {[%clk 0:36:58]} Rxd6 {[%clk 0:50:05]} 24. Nf3
{[%clk 0:37:18]} Bb7 {[%clk 0:49:44]} 25. Bd3 {[%clk 0:29:29]} Ke7
{[%clk 0:46:59]} 26. Rgh5 {[%clk 0:24:39]} Bd5 {[%clk 0:45:40]} 27. a3
{[%clk 0:14:00]} Rc8 {[%clk 0:33:08]} 28. O-O {[%clk 0:08:48]} Rg8
{[%clk 0:20:55]} 29. Rxh6 {[%clk 0:05:27]} Rxg3 {[%clk 0:19:06]} 30. Rh4
{[%clk 0:04:04]} Rg7 {[%clk 0:13:48]} 31. Be4 {[%clk 0:02:40]} Nf6
{[%clk 0:13:12]} 32. Bxd5 {[%clk 0:03:07]} Nxd5 {[%clk 0:13:35]} 33. Re1
{[%clk 0:03:28]} Rb6 {[%clk 0:12:13]} 34. Rd4 {[%clk 0:02:52]} Nf6
{[%clk 0:11:29]} 35. Ne5 {[%clk 0:02:06]} Rg5 {[%clk 0:08:19]} 36. Rf4
{[%clk 0:02:29]} Rd6 {[%clk 0:06:38]} 37. Re2 {[%clk 0:01:21]} Rg7
{[%clk 0:06:39]} 38. Kf2 {[%clk 0:00:35]} Nd5 {[%clk 0:05:10]} 39. Rc4
{[%clk 0:00:49]} f5 {[%clk 0:04:06]} 40. g4 {[%clk 0:30:53]} Kf6 {[%clk 0:32:37]}
41. gxf5 {[%clk 0:28:03]} exf5 {[%clk 0:32:44]} 42. Rh4 {[%clk 0:27:57]} Ne7
{[%clk 0:25:39]} 43. c4 {[%clk 0:22:24]} Ng6 {[%clk 0:23:36]} 44. c5
{[%clk 0:22:16]} Re6 {[%clk 0:22:54]} 45. Nxg6 {[%clk 0:21:39]} Rxg6
{[%clk 0:23:11]} 46. Rxe6+ {[%clk 0:18:51]} Kxe6 {[%clk 0:23:37]} 47. c6
{[%clk 0:19:13]} Kd6 {[%clk 0:22:59]} 1/2-1/2

[Event "European Individual Chess Championship 2017"]
[Site "?"]
[Date "2017.06.07"]
[Round "8.51"]
[White "Azarov, Sergei"]
[Black "Moroni, Luca Jr"]
[Result "1/2-1/2"]
[BlackElo "2448"]
[WhiteElo "2582"]
[LiveChessVersion "1.4.8"]

1. e4 {[%clk 1:30:56]} e5 {[%clk 1:30:57]} 2. Nf3 {[%clk 1:31:17]} Nc6
{[%clk 1:31:23]} 3. Bb5 {[%clk 1:31:31]} a6 {[%clk 1:31:48]} 4. Ba4
{[%clk 1:31:53]} Nf6 {[%clk 1:32:13]} 5. O-O {[%clk 1:32:09]} b5 {[%clk 1:32:40]}
6. Bb3 {[%clk 1:32:28]} Bc5 {[%clk 1:33:04]} 7. Nc3 {[%clk 1:32:04]} O-O
{[%clk 1:33:02]} 8. d3 {[%clk 1:31:34]} h6 {[%clk 1:32:45]} 9. Nd5
{[%clk 1:30:34]} d6 {[%clk 1:31:58]} 10. Nxf6+ {[%clk 1:27:55]} Qxf6
{[%clk 1:31:51]} 11. Bd5 {[%clk 1:28:07]} Bd7 {[%clk 1:31:17]} 12. Be3
{[%clk 1:24:42]} Rab8 {[%clk 1:26:40]} 13. Bxc6 {[%clk 1:14:25]} Bxc6
{[%clk 1:26:46]} 14. Bxc5 {[%clk 1:14:48]} dxc5 {[%clk 1:27:09]} 15. Qe1
{[%clk 1:12:22]} Qd6 {[%clk 1:11:46]} 16. Qc3 {[%clk 1:09:41]} Rfe8
{[%clk 1:07:08]} 17. a3 {[%clk 1:03:31]} Rbd8 {[%clk 0:40:37]} 18. Rfe1
{[%clk 1:01:37]} Bb7 {[%clk 0:40:02]} 19. h3 {[%clk 0:54:13]} Kh7
{[%clk 0:36:52]} 20. Re3 {[%clk 0:52:02]} f6 {[%clk 0:32:24]} 21. Ree1
{[%clk 0:41:44]} Re7 {[%clk 0:27:37]} 22. Re2 {[%clk 0:36:22]} Bc8
{[%clk 0:26:29]} 23. b4 {[%clk 0:35:21]} cxb4 {[%clk 0:25:58]} 24. axb4
{[%clk 0:35:46]} c5 {[%clk 0:25:26]} 25. bxc5 {[%clk 0:26:22]} Rc7
{[%clk 0:24:57]} 26. Qa5 {[%clk 0:14:40]} Rxc5 {[%clk 0:21:33]} 27. Nh2
{[%clk 0:14:55]} Rc6 {[%clk 0:20:11]} 28. Nf1 {[%clk 0:14:57]} Be6
{[%clk 0:20:23]} 29. Ne3 {[%clk 0:14:44]} b4 {[%clk 0:19:45]} 30. Ree1
{[%clk 0:08:45]} Rb8 {[%clk 0:18:49]} 31. Qa4 {[%clk 0:07:49]} b3
{[%clk 0:16:13]} 32. cxb3 {[%clk 0:06:55]} Bxb3 {[%clk 0:14:12]} 33. Nf5
{[%clk 0:04:14]} Bxa4 {[%clk 0:12:26]} 34. Nxd6 {[%clk 0:04:39]} Bc2
{[%clk 0:12:21]} 35. Rec1 {[%clk 0:04:36]} Rb3 {[%clk 0:10:42]} 36. Nf5
{[%clk 0:04:21]} Rxd3 {[%clk 0:08:40]} 37. Ne7 {[%clk 0:04:45]} Re6
{[%clk 0:05:07]} 1/2-1/2

[Event "European Individual Chess Championship 2017"]
[Site "?"]
[Date "2017.06.07"]
[Round "8.52"]
[White "Repka, Christopher"]
[Black "Antipov, Mikhail Al."]
[Result "1/2-1/2"]
[BlackElo "2576"]
[WhiteElo "2452"]
[LiveChessVersion "1.4.8"]

1. d4 {[%clk 1:23:03]} e6 {[%clk 1:28:52]} 2. c4 {[%clk 1:23:23]} Nf6
{[%clk 1:28:45]} 3. Nf3 {[%clk 1:23:49]} d5 {[%clk 1:28:55]} 4. Nc3
{[%clk 1:24:09]} c6 {[%clk 1:29:20]} 5. Bg5 {[%clk 1:23:57]} h6 {[%clk 1:29:43]}
6. Bh4 {[%clk 1:24:08]} Be7 {[%clk 1:27:27]} 7. e3 {[%clk 1:24:25]} O-O
{[%clk 1:27:25]} 8. Bd3 {[%clk 1:24:49]} dxc4 {[%clk 1:22:34]} 9. Bxc4
{[%clk 1:25:10]} Nd5 {[%clk 1:22:59]} 10. Bg3 {[%clk 1:24:36]} b6
{[%clk 1:19:29]} 11. Qe2 {[%clk 1:18:07]} Bb7 {[%clk 1:12:50]} 12. O-O
{[%clk 1:10:56]} Nd7 {[%clk 1:11:24]} 13. Rfd1 {[%clk 1:09:07]} N7f6
{[%clk 1:02:01]} 14. e4 {[%clk 0:59:19]} Nxc3 {[%clk 0:59:05]} 15. bxc3
{[%clk 0:59:46]} c5 {[%clk 0:56:09]} 16. Bd3 {[%clk 0:53:04]} cxd4
{[%clk 0:53:41]} 17. cxd4 {[%clk 0:49:48]} Rc8 {[%clk 0:42:45]} 18. Be5
{[%clk 0:45:11]} Bb4 {[%clk 0:27:21]} 19. Rab1 {[%clk 0:36:06]} Bc3
{[%clk 0:27:08]} 20. Bg3 {[%clk 0:33:39]} Nh5 {[%clk 0:23:59]} 21. Bh4
{[%clk 0:32:01]} Qd6 {[%clk 0:18:03]} 22. Qe3 {[%clk 0:29:26]} Qf4
{[%clk 0:17:05]} 23. Qe2 {[%clk 0:26:26]} Rc7 {[%clk 0:12:37]} 24. Rb5
{[%clk 0:24:04]} f5 {[%clk 0:07:02]} 25. Re5 {[%clk 0:18:22]} fxe4
{[%clk 0:05:07]} 26. Bxe4 {[%clk 0:18:41]} Qg4 {[%clk 0:01:30]} 27. h3
{[%clk 0:16:19]} Nf4 {[%clk 0:01:56]} 28. hxg4 {[%clk 0:16:27]} Nxe2+
{[%clk 0:02:21]} 29. Kh2 {[%clk 0:16:16]} Bc8 {[%clk 0:01:25]} 30. g5
{[%clk 0:16:09]} Bb4 {[%clk 0:01:12]} 31. gxh6 {[%clk 0:15:30]} Bd6
{[%clk 0:01:25]} 32. h7+ {[%clk 0:15:16]} Kh8 {[%clk 0:01:54]} 33. Kh1
{[%clk 0:08:29]} Nc3 {[%clk 0:02:08]} 34. Re1 {[%clk 0:07:26]} Rf4
{[%clk 0:00:55]} 35. g3 {[%clk 0:05:50]} Rxe4 {[%clk 0:00:50]} 36. R5xe4
{[%clk 0:06:11]} Nxe4 {[%clk 0:01:15]} 37. Rxe4 {[%clk 0:06:34]} Bb7
{[%clk 0:01:09]} 38. Re3 {[%clk 0:06:56]} Rf7 {[%clk 0:01:15]} 39. Kg2
{[%clk 0:07:00]} Bd5 {[%clk 0:00:33]} 40. g4 {[%clk 0:37:14]} Kxh7
{[%clk 0:30:32]} 41. Bg3 {[%clk 0:37:35]} Be7 {[%clk 0:27:44]} 42. a4
{[%clk 0:30:46]} Rf8 {[%clk 0:25:59]} 43. Rc3 {[%clk 0:27:51]} Kg6
{[%clk 0:22:21]} 44. Be5 {[%clk 0:27:26]} Bh4 {[%clk 0:20:02]} 45. Bd6
{[%clk 0:23:50]} Rd8 {[%clk 0:04:25]} 46. Be5 {[%clk 0:23:25]} Rf8
{[%clk 0:04:29]} 47. Bd6 {[%clk 0:23:50]} Bxf3+ {[%clk 0:04:49]} 48. Rxf3
{[%clk 0:24:02]} Rd8 {[%clk 0:05:18]} 49. Be5 {[%clk 0:24:02]} Rd5
{[%clk 0:05:41]} 50. Rc3 {[%clk 0:22:02]} Bf6 {[%clk 0:05:41]} 1/2-1/2

[Event "European Individual Chess Championship 2017"]
[Site "?"]
[Date "2017.06.07"]
[Round "8.53"]
[White "Grigoriants, Sergey"]
[Black "Davtyan, Artur"]
[Result "1/2-1/2"]
[BlackElo "2216"]
[WhiteElo "2576"]
[LiveChessVersion "1.4.8"]

1. Nf3 {[%clk 1:30:53]} Nf6 {[%clk 1:30:51]} 2. c4 {[%clk 1:30:46]} e6
{[%clk 1:31:16]} 3. Nc3 {[%clk 1:29:34]} d5 {[%clk 1:31:42]} 4. d4
{[%clk 1:29:57]} Be7 {[%clk 1:32:08]} 5. Bg5 {[%clk 1:15:24]} h6 {[%clk 1:20:33]}
6. Bh4 {[%clk 1:14:45]} O-O {[%clk 1:16:30]} 7. e3 {[%clk 1:14:32]} b6
{[%clk 1:09:52]} 8. Rc1 {[%clk 0:59:33]} Bb7 {[%clk 1:02:54]} 9. cxd5
{[%clk 0:56:32]} Nxd5 {[%clk 1:02:06]} 10. Bg3 {[%clk 0:47:35]} c5
{[%clk 1:00:43]} 11. Bd3 {[%clk 0:37:23]} cxd4 {[%clk 0:59:30]} 12. exd4
{[%clk 0:37:12]} Nc6 {[%clk 0:51:13]} 13. O-O {[%clk 0:36:58]} Bd6
{[%clk 0:51:38]} 14. Bh4 {[%clk 0:30:05]} Be7 {[%clk 0:51:47]} 15. Bg3
{[%clk 0:30:15]} Bd6 {[%clk 0:52:01]} 16. Bh4 {[%clk 0:30:19]} Be7
{[%clk 0:52:24]} 17. Bg3 {[%clk 0:30:39]} Bd6 {[%clk 0:52:49]} 1/2-1/2

[Event "European Individual Chess Championship 2017"]
[Site "?"]
[Date "2017.06.07"]
[Round "8.54"]
[White "Pavlov, Sergey"]
[Black "Abasov, Nijat"]
[Result "1/2-1/2"]
[BlackElo "2575"]
[WhiteElo "2432"]
[LiveChessVersion "1.4.8"]

1. c4 {[%clk 1:30:57]} e6 {[%clk 1:28:34]} 2. g3 {[%clk 1:30:50]} Nf6
{[%clk 1:28:46]} 3. Bg2 {[%clk 1:31:01]} d5 {[%clk 1:29:09]} 4. Nf3
{[%clk 1:31:13]} dxc4 {[%clk 1:29:31]} 5. Qa4+ {[%clk 1:29:39]} Bd7
{[%clk 1:29:40]} 6. Qxc4 {[%clk 1:29:42]} c5 {[%clk 1:30:06]} 7. Ne5
{[%clk 1:27:10]} Qc8 {[%clk 1:30:04]} 8. Qd3 {[%clk 1:21:07]} Be7
{[%clk 1:24:10]} 9. Na3 {[%clk 1:15:14]} O-O {[%clk 1:20:01]} 10. Nxd7
{[%clk 1:14:43]} Nbxd7 {[%clk 1:19:00]} 11. O-O {[%clk 1:10:17]} Rd8
{[%clk 1:18:54]} 12. Qb3 {[%clk 1:05:35]} Rb8 {[%clk 1:17:52]} 13. d3
{[%clk 1:04:55]} b5 {[%clk 1:18:03]} 14. Bf4 {[%clk 1:02:37]} e5 {[%clk 1:15:13]}
1/2-1/2